|
|
|
|
| LEADER |
00774nam a2200205 a 4500 |
| 008 |
091105s996 ii a b 001 0 eng d |
| 020 |
|
|
|a 81412597
|
| 082 |
0 |
0 |
|a 338.5
|2 21
|
| 100 |
1 |
|
|a Agarwal,O. M.
|
| 245 |
1 |
0 |
|a Theory and applications of microeconomics /
|c O.M Agarwal and R. Narayanan
|
| 260 |
|
|
|a New Delhi :
|b Har Anand Publications,
|c c1996.
|
| 300 |
|
|
|a 304 p. :
|b col. ill. ;
|c 25 cm.
|
| 362 |
0 |
|
|a Vol. 1
|
| 504 |
|
|
|a Includes Bibliography ([303]-304).
|
| 541 |
1 |
|
|e 00010956
|
| 650 |
|
0 |
|a Microeconomics.
|
| 700 |
1 |
|
|a Narayanan,R.
|
| 852 |
4 |
|
|a Ayesha Abed Library
|j General Shelf
|
| 999 |
|
|
|c 5735
|d 5735
|
| 952 |
|
|
|0 0
|1 0
|2 ddc
|4 0
|6 338_500000000000000_AGA_1996
|7 0
|9 5667
|a BRACUL
|b BRACUL
|c GEN
|d 2009-11-21
|g 513.00
|l 1
|o 338.5 AGA
|p 3010010956
|r 2015-07-11
|s 2015-05-24
|t 1
|w 2009-11-21
|y BK
|